[Event "Capablanca Memorial op-B 48th"]
[Site "Havana"]
[Date "2013.04.28"]
[Round "7"]
[White "Alvarez Leyva, Harold"]
[Black "Pozo, Bravo Jiarnnes"]
[Result "0-1"]
[WhiteElo "2095"]
[BlackElo "2214"]
[PlyCount "46"]
[EventDate "2013.04.21"]
[EventType "swiss"]
[EventRounds "9"]
[EventCountry "CUB"]
[SourceTitle "CBM 154 Extra"]
[Source "ChessBase"]
[SourceDate "2013.06.25"]
[SourceVersion "2"]
[SourceVersionDate "2013.06.25"]
[SourceQuality "1"]

1. e4 e6 2. d4 d5 3. Nd2 Nc6 4. Ngf3 Nf6 5. e5 Nd7 6. c3 f6 7. exf6 Qxf6 8. Bd3 Bd6 9. Nf1 e5 10. dxe5 Ndxe5 11. Be2 0-0 12. Ne3 d4 13. cxd4 Nxd4 14. Nc4 Ndxf3+ 15. gxf3 Nxc4 16. Bxc4+ Kh8 17. Qb3 Bh3 18. Rg1 Rae8+ 19. Be3 Qxf3 20. Be2 Qe4 21. 0-0-0 Rxf2 22. Rxd6 Rxe2 23. Bd4 Re1+ 0-1

[Event "Capablanca Memorial op-B 45th"]
[Site "Havana"]
[Date "2011.05.18"]
[Round "7"]
[White "Salgado Segui, Roberto"]
[Black "Alvarez Leyva, Harold"]
[Result "1-0"]
[WhiteElo "2243"]
[BlackElo "2131"]
[PlyCount "59"]
[EventDate "2011.05.11"]
[EventType "swiss"]
[EventRounds "7"]
[EventCountry "CUB"]
[SourceTitle "CBM 142 Extra"]
[Source "ChessBase"]
[SourceDate "2011.06.27"]
[SourceVersion "1"]
[SourceVersionDate "2011.06.27"]
[SourceQuality "1"]

1. e4 c5 2. c3 d5 3. exd5 Qxd5 4. d4 Nc6 5. Nf3 Bg4 6. Be2 e6 7. 0-0 Nf6 8. Be3 cxd4 9. cxd4 Qd7 10. Nc3 Bd6 11. a3 0-0 12. b4 Rac8 13. Qb3 Rfd8 14. Rfd1 Bxf3 15. Bxf3 Ne7 16. Rac1 Bb8 17. Bg5 Nf5 18. d5 Qd6 19. g3 e5 20. Ne4 Qe7 21. Rxc8 Rxc8 22. Bxf6 gxf6 23. Bg4 Nd4 24. Qe3 f5 25. Qh6 f6 26. Nxf6+ Kh8 27. Rxd4 exd4 28. Bxf5 Rc3 29. Nxh7 Qg7 30. Qh4 1-0

[Event "Capablanca Memorial op-B 45th"]
[Site "Havana"]
[Date "2011.05.11"]
[Round "1"]
[White "Gomez Sanchez, Jorge Marcos"]
[Black "Alvarez Leyva, Harold"]
[Result "1-0"]
[WhiteElo "2036"]
[BlackElo "2131"]
[PlyCount "93"]
[EventDate "2011.05.11"]
[EventType "swiss"]
[EventRounds "7"]
[EventCountry "CUB"]
[SourceTitle "CBM 142 Extra"]
[Source "ChessBase"]
[SourceDate "2011.06.27"]
[SourceVersion "1"]
[SourceVersionDate "2011.06.27"]
[SourceQuality "1"]

1. e4 c5 2. Nf3 d6 3. d4 cxd4 4. Nxd4 Nf6 5. Nc3 g6 6. Be3 Bg7 7. f3 0-0 8. Qd2 Nc6 9. Bc4 Bd7 10. Bb3 Rc8 11. 0-0-0 Ne5 12. h4 h5 13. Bg5 Rc5 14. Kb1 a5 15. Rhe1 b5 16. f4 Neg4 17. e5 a4 18. Bxf7+ Kxf7 19. e6+ Kg8 20. exd7 Qxd7 21. Ne6 Rfc8 22. Nxc5 Rxc5 23. a3 Kf7 24. Ne4 Rc4 25. Bxf6 Bxf6 26. Qd5+ Kf8 27. Ng5 Nh6 28. Nh7+ Kg7 29. Nxf6 exf6 30. Qxd6 Qxd6 31. Rxd6 Nf5 32. Rd7+ Kf8 33. Re6 Rxf4 34. Rb6 Re4 35. Rh7 Kg8 36. Rc7 Ne7 37. Rxb5 Kf7 38. Rbb7 Re1+ 39. Ka2 g5 40. hxg5 fxg5 41. Rc5 g4 42. Rxh5 Kg6 43. Ra5 Nf5 44. Rb6+ Kg5 45. Rbb5 Rf1 46. b4 g3 47. Rxf5+ 1-0

[Event "Havana Province-ch sf Fase 1"]
[Site "Havana"]
[Date "2010.05.07"]
[Round "2"]
[White "Alvarez Leyva, Harold"]
[Black "Hernandez Sotelo, Jose I"]
[Result "0-1"]
[WhiteElo "2076"]
[BlackElo "2140"]
[PlyCount "140"]
[EventDate "2010.05.05"]
[EventType "swiss"]
[EventRounds "9"]
[EventCountry "CUB"]
[EventCategory "1"]
[SourceTitle "EXT 2019"]
[Source "ChessBase"]
[SourceDate "2018.10.10"]
[SourceVersion "1"]
[SourceVersionDate "2018.10.10"]
[SourceQuality "1"]

1. e4 c5 2. Nf3 e6 3. d4 cxd4 4. Nxd4 a6 5. Be3 Nf6 6. Bd3 e5 7. Nb3 d5 8. exd5 Qxd5 9. 0-0 Be6 10. Nc3 Qc6 11. a4 Nbd7 12. f3 Be7 13. Qe2 0-0 14. Ne4 Nxe4 15. Bxe4 Qc7 16. Bd3 Rac8 17. f4 Bf6 18. f5 Bd5 19. c4 Bxc4 20. Rfc1 Bxd3 21. Qxd3 Qd8 22. Rxc8 Qxc8 23. Rc1 Qd8 24. Qd5 b6 25. Qb7 Bg5 26. Bxg5 Qxg5 27. Qxd7 Qe3+ 28. Kf1 Qxb3 29. Rc8 Qb4 30. Rxf8+ Qxf8 31. Qb7 Qd8 32. Qxa6 h6 33. Qe2 Qd4 34. b3 e4 35. Qc4 Qd1+ 36. Kf2 Qd2+ 37. Kf1 e3 38. Qe2 Qc1+ 39. Qe1 Qc5 40. Qb1 Qb4 41. Qd1 Qf4+ 42. Qf3 Qd4 43. Qe2 Qa1+ 44. Qe1 Qe5 45. Ke2 Qxf5 46. Kxe3 Qe6+ 47. Kf2 Qxb3 48. Qe8+ Kh7 49. Qe4+ g6 50. Qf4 Qe6 51. Kf3 Kg7 52. Qd4+ Qf6+ 53. Ke4 Qxd4+ 54. Kxd4 f5 55. Kc4 f4 56. Kb5 g5 57. h3 h5 58. Kxb6 g4 59. hxg4 hxg4 60. a5 f3 61. gxf3 g3 62. a6 g2 63. a7 g1Q+ 64. Kb7 Qb1+ 65. Kc8 Qc2+ 66. Kb8 Qb3+ 67. Ka8 Kf8 68. f4 Ke8 69. f5 Kd8 70. f6 Kc7 0-1

[Event "Havana Province-ch U14"]
[Site "Havana"]
[Date "2010.03.28"]
[Round "6"]
[White "Alvarez Leyva, Harold"]
[Black "Lopez Gonzalez, Abel Fabian"]
[Result "0-1"]
[WhiteElo "2078"]
[BlackElo "1965"]
[PlyCount "138"]
[EventDate "2010.03.21"]
[EventType "tourn"]
[EventRounds "13"]
[EventCountry "CUB"]
[EventCategory "1"]
[SourceTitle "EXT 2012"]
[Source "ChessBase"]
[SourceDate "2011.11.24"]
[SourceVersion "1"]
[SourceVersionDate "2011.11.24"]
[SourceQuality "1"]

1. e4 c5 2. Nf3 Nc6 3. d4 cxd4 4. Nxd4 g6 5. Be3 Bg7 6. Nc3 Nf6 7. Bc4 Qa5 8. 0-0 0-0 9. Nb3 Qc7 10. f4 d6 11. h3 a6 12. a4 Na5 13. Nxa5 Qxa5 14. Bd3 Bd7 15. Rb1 Rac8 16. Qe1 b5 17. e5 Ne8 18. Nd5 Qxe1 19. Nxe7+ Kh8 20. Rfxe1 Rb8 21. axb5 Bxb5 22. Bxb5 Rxb5 23. c4 Rb7 24. Nd5 dxe5 25. Bc5 Rg8 26. fxe5 Nc7 27. b4 Ne6 28. Bf2 Rc8 29. Rbc1 Bf8 30. c5 Rb5 31. Rc4 a5 32. bxa5 Bxc5 33. Bxc5 Rbxc5 34. Rxc5 Rxc5 35. Ne3 Rxe5 36. a6 Ra5 37. Rf1 Kg7 38. Ng4 Rxa6 39. Kh2 Ra5 40. h4 f5 41. Ne3 Re5 42. Nc4 Re4 43. Nd2 Rxh4+ 44. Kg1 Rg4 45. Nf3 Nf4 46. Ne1 Ne2+ 47. Kf2 Nc3 48. Nf3 Ne4+ 49. Kg1 Ng5 50. Ne5 Re4 51. Nf3 Nxf3+ 52. Rxf3 Kf6 53. Ra3 h5 54. Kf2 g5 55. Ra6+ Re6 56. Ra5 Rb6 57. Kg3 h4+ 58. Kh3 Rb3+ 59. Kh2 g4 60. Ra8 h3 61. gxh3 Rxh3+ 62. Kg2 Rb3 63. Ra4 Kg5 64. Ra8 Rb2+ 65. Kg1 f4 66. Rg8+ Kh4 67. Ra8 Kg3 68. Kf1 f3 69. Ra1 Rh2 0-1

[Event "Havana Province-ch U14"]
[Site "Havana"]
[Date "2010.03.25"]
[Round "4"]
[White "Alvarez Leyva, Harold"]
[Black "Cruz Portuondo, Manuel de Jesus"]
[Result "1-0"]
[WhiteElo "2078"]
[BlackElo "2056"]
[PlyCount "79"]
[EventDate "2010.03.21"]
[EventType "tourn"]
[EventRounds "13"]
[EventCountry "CUB"]
[EventCategory "1"]
[SourceTitle "EXT 2012"]
[Source "ChessBase"]
[SourceDate "2011.11.24"]
[SourceVersion "1"]
[SourceVersionDate "2011.11.24"]
[SourceQuality "1"]

1. e4 e5 2. Nf3 Nc6 3. Bc4 Bc5 4. c3 Bb6 5. d4 exd4 6. cxd4 d6 7. Bg5 Nf6 8. Nc3 h6 9. Bxf6 Qxf6 10. Nd5 Ba5+ 11. b4 Bxb4+ 12. Kf1 Qd8 13. Nxb4 Nxb4 14. Qa4+ Nc6 15. d5 Bd7 16. dxc6 bxc6 17. Re1 0-0 18. Qb3 Rb8 19. Qc3 Re8 20. Bb3 c5 21. h3 Bc6 22. e5 Qd7 23. h4 Qg4 24. Rh3 Bb5+ 25. Kg1 Bc6 26. Rg3 Qf5 27. e6 f6 28. e7+ Kh8 29. Bc2 Qd7 30. Qd3 f5 31. Qxf5 Qxf5 32. Bxf5 Rb2 33. Bg6 Rxa2 34. Bxe8 Bxe8 35. Rg4 d5 36. Rf4 Kh7 37. Rf8 Bb5 38. e8Q Bxe8 39. Rfxe8 Kg6 40. g4 1-0

[Event "Havana Province-ch U14"]
[Site "Havana"]
[Date "2010.03.21"]
[Round "1"]
[White "Falcon Naranjo, Carlos Alejandro"]
[Black "Alvarez Leyva, Harold"]
[Result "0-1"]
[WhiteElo "2006"]
[BlackElo "2078"]
[PlyCount "81"]
[EventDate "2010.03.21"]
[EventType "tourn"]
[EventRounds "13"]
[EventCountry "CUB"]
[EventCategory "1"]
[SourceTitle "EXT 2012"]
[Source "ChessBase"]
[SourceDate "2011.11.24"]
[SourceVersion "1"]
[SourceVersionDate "2011.11.24"]
[SourceQuality "1"]

1. e4 c5 2. Nf3 d6 3. Bb5+ Bd7 4. Bxd7+ Qxd7 5. c4 Nc6 6. Nc3 g6 7. d4 cxd4 8. Nxd4 Bg7 9. Be3 Ne5 10. b3 Ng4 11. Nd5 Nxe3 12. Nxe3 Qc7 13. 0-0 Qc5 14. Nec2 Nf6 15. Qd3 0-0 16. Rad1 a5 17. Nb5 Rfc8 18. Ncd4 Nd7 19. Rfe1 Ne5 20. Qe3 a4 21. Re2 Nc6 22. h3 axb3 23. axb3 Nxd4 24. Nxd4 Bxd4 25. Qxd4 Qxd4 26. Rxd4 Ra1+ 27. Kh2 Rb1 28. Re3 Rc5 29. Rd5 b6 30. f4 Kf8 31. Kg3 Ke8 32. Kg4 Rb2 33. g3 f6 34. f5 Kf7 35. h4 Rf2 36. Rf3 h5+ 37. Kf4 g5+ 38. Ke3 Rb2 39. Kd4 Rd2+ 40. Ke3 Ra2 41. hxg5 0-1

[Event "Havana Province Oeste zt"]
[Site "Havana"]
[Date "2009.10.13"]
[Round "8"]
[White "Alvarez Leyva, Harold"]
[Black "Perez Rodriguez, Ariel"]
[Result "1-0"]
[WhiteElo "2060"]
[BlackElo "2060"]
[PlyCount "47"]
[EventDate "2009.10.03"]
[EventType "swiss"]
[EventRounds "9"]
[EventCountry "CUB"]
[SourceTitle "EXT 2012"]
[Source "ChessBase"]
[SourceDate "2011.11.24"]
[SourceVersion "1"]
[SourceVersionDate "2011.11.24"]
[SourceQuality "1"]

1. e4 c5 2. Nf3 Nc6 3. d4 cxd4 4. Nxd4 Nf6 5. Nc3 d6 6. Bg5 e6 7. Be2 Be7 8. Qd2 a6 9. 0-0-0 Qa5 10. Nb3 Qc7 11. f4 b5 12. Bf3 Rb8 13. e5 dxe5 14. Bxc6+ Qxc6 15. fxe5 b4 16. exf6 bxc3 17. Qd8+ Bxd8 18. Rxd8+ Kxd8 19. fxg7+ Kc7 20. gxh8Q Qxg2 21. Bf4+ Kb7 22. Rd1 e5 23. Qxe5 cxb2+ 24. Kxb2 1-0

[Event "Havana Province Oeste zt"]
[Site "Havana"]
[Date "2009.10.07"]
[Round "4"]
[White "Ruiz, Luis"]
[Black "Alvarez Leyva, Harold"]
[Result "0-1"]
[WhiteElo "2038"]
[BlackElo "2060"]
[PlyCount "114"]
[EventDate "2009.10.03"]
[EventType "swiss"]
[EventRounds "9"]
[EventCountry "CUB"]
[SourceTitle "EXT 2012"]
[Source "ChessBase"]
[SourceDate "2011.11.24"]
[SourceVersion "1"]
[SourceVersionDate "2011.11.24"]
[SourceQuality "1"]

1. d4 Nf6 2. c4 g6 3. Nc3 d5 4. cxd5 Nxd5 5. e4 Nxc3 6. bxc3 Bg7 7. h3 c5 8. Bb5+ Bd7 9. Bxd7+ Qxd7 10. Ne2 cxd4 11. cxd4 Nc6 12. Be3 0-0 13. 0-0 Rfd8 14. e5 Qd5 15. Qb3 Qxb3 16. axb3 e6 17. Rfc1 a6 18. Rc4 Bf8 19. Ng3 Rd5 20. Ne4 Be7 21. Nc3 Rd7 22. Na4 Na5 23. Nb6 Nxc4 24. bxc4 Rad8 25. Nxd7 Rxd7 26. c5 Rc7 27. Rb1 Kf8 28. Kf1 Ke8 29. Ke2 Kd8 30. Kd3 Rd7 31. Ke4 Kc7 32. Bd2 Bxc5 33. Ba5+ b6 34. dxc5 bxa5 35. Rb6 Rd2 36. Ke3 Rd5 37. Rxa6 Rxc5 38. Ra7+ Kb6 39. Rxf7 Rxe5+ 40. Kd4 Rf5 41. Rxh7 Rxf2 42. g4 a4 43. Re7 Re2 44. Kd3 Re5 45. Kd4 Re1 46. Kc3 a3 47. Kb3 Re3+ 48. Ka2 Kc6 49. h4 Re4 50. h5 Kd6 51. Rg7 Rxg4 52. Rxg6 Rxg6 53. hxg6 Ke7 54. Kxa3 Kf6 55. Kb4 Kxg6 56. Kc4 Kf5 57. Kd3 Kf4 0-1

[Event "Havana Municipal-ch 12th"]
[Site "Havana"]
[Date "2009.09.17"]
[Round "2"]
[White "Infante Machin, Brian Jose"]
[Black "Alvarez Leyva, Harold"]
[Result "0-1"]
[WhiteElo "2153"]
[BlackElo "2060"]
[PlyCount "102"]
[EventDate "2009.09.15"]
[EventType "swiss"]
[EventRounds "11"]
[EventCountry "CUB"]
[EventCategory "1"]
[SourceTitle "EXT 2012"]
[Source "ChessBase"]
[SourceDate "2011.11.24"]
[SourceVersion "1"]
[SourceVersionDate "2011.11.24"]
[SourceQuality "1"]

1. d4 Nf6 2. c4 g6 3. Nc3 d5 4. Nf3 Bg7 5. Bg5 Ne4 6. cxd5 Nxc3 7. bxc3 Qxd5 8. Qb3 Qxb3 9. axb3 c5 10. e3 h6 11. Bf4 Nc6 12. Bb5 Bd7 13. 0-0 g5 14. Bg3 g4 15. Bxc6 Bxc6 16. Ne5 Bxe5 17. Bxe5 f6 18. Bf4 cxd4 19. exd4 Kf7 20. Rfd1 Be4 21. Rd2 a6 22. d5 h5 23. Re1 Bf5 24. c4 Rac8 25. Rde2 Rhe8 26. Bd2 b5 27. Rc1 bxc4 28. bxc4 Red8 29. Re3 e6 30. Ba5 Rxd5 31. Bb4 a5 32. Ba3 Rxc4 33. Ree1 Rxc1 34. Rxc1 h4 35. Kf1 Bd3+ 36. Ke1 Be4 37. g3 hxg3 38. hxg3 Bf3 39. Bc5 a4 40. Be3 a3 41. Ra1 a2 42. Bd2 Re5+ 43. Be3 Ra5 44. Kd2 Be4 45. Bd4 Bb1 46. Ke3 Ra3+ 47. Ke2 e5 48. Bc5 Rc3 49. Bb4 Rc1 50. Ke3 Rc4 51. Bd6 Re4+ 0-1